Мемориал (Запис номер 159559)
[ съкратено ]
| 000 -Лидер | |
|---|---|
| Контролно поле с фиксирана дължина | nam a22 a 4500 |
| 003 - Код на организацията, давaща контролен номер | |
| Контролно поле | BLK |
| 005 - Дата и час на последна редакция | |
| Контролно поле | 20220214185459.0 |
| 008 - Елементи от данни с фиксирана дължина | |
| fixed length control field | 180410b bul|||||r ||||||| ||bul|| |
| 010 ## - Наследен системен номер | |
| LC control number | KNG00166730000 |
| 040 ## - Източник на каталожния запис | |
| Идентификатор на билиотеката - собственик на записа | BLK |
| 041 ## - Код за език | |
| Код за езика на текст/звукозапис или на отделно заглавие | Български |
| Код за езика КДБФ | Български |
| 080 ## - УДК | |
| Текстов определител УДК | Немска литература |
| УДК код - определител по УДК | 821.112.2 |
| УДК определител | -3 |
| УДК - код + определител | 821.112.2-3 |
| 100 1# - Редна дума - Автор | |
| Автор | Вайзенборн, Гюнтер |
| Авторска отговорност | първи автор |
| R(LIN) | 44997 |
| 139 ## - Редно поле | |
| Редна дума | Вайзенборн, Гюнтер |
| Авторски знак | Ваи - В 16 |
| 245 10 - Сведения за заглавието | |
| Заглавие | Мемориал |
| Подзаглавни данни | [Спомени, разкази, есета] |
| Редно поле (дума) | Гюнтер Вайзенборн; прев. от нем. Владимир Мусаков. |
| 257 ## - Страна на издаване | |
| Страна на създаване/издаване | Германия |
| 260 ## - Област на издателските данни | |
| Име на издателя, разпространителя и проч. | НС ОФ |
| Година на издаване | 1962 |
| Място на издаване, разпространение и проч. | София |
| 300 ## - Физическа характеристика | |
| Страници | 248 с. |
| Размери/Мащаб | 25 см |
| 380 ## - Жанр | |
| Жанр | Худож. лит. |
| 500 ## - Общи забележки | |
| Забележка | 10 100 тир. |
| 700 1# - Други автори (авторска отговорност) | |
| Лично име | Мусаков, Владимир |
| Автороска отговорност (Описва отношението между автора и произведението) | прев. от нем. |
| 9 (RLIN) | 380775 |
| 852 ## - Местоположение | |
| Форматна сигнатура | Цб 24235 |
| Фондова буква | Хранилище |
| 856 4# - Електронен адрес и достъп | |
| Електронен формат | pdf - файл |
| 856 4# - Електронен адрес и достъп | |
| Електронен формат | pdf - файл |
| 999 ## - СИСТЕМНИ КОНТРОЛНИ НОМЕРА | |
| Koha biblionumber | 159559 |
| Koha biblioitemnumber | 159559 |
| 942 ## - АРТИКУЛИ | |
| Вид на библиотечния материал | Книги |
| Скрит в OPAC | Не |
| Периодичен библиозапис | Да |
| 944 ## - СЪЗДАВАНЕ И РЕДАКЦИЯ на ЗАПИСА | |
| Създаване/Редакция | Създаване |
| Дата на регистрацията/редакция | 30.10.2014 |
| Статус, дата на статуса | 30.10.2014 - от С1,Р / 30.10.2014 |
| Служител, извършил регистрацията/редакцията | Елица_Владова |
| 944 ## - СЪЗДАВАНЕ И РЕДАКЦИЯ на ЗАПИСА | |
| Създаване/Редакция | Редакция |
| Дата на регистрацията/редакция | 2022-02-14 |
| Статус, дата на статуса | 2022-02-14 |
| Служител, извършил регистрацията/редакцията | ВК |
| 999 ## - СИСТЕМНИ КОНТРОЛНИ НОМЕРА | |
| Koha biblioitemnumber | 159559 |
| Код за отписване | Код за изгубен артикул | Източник на класификационната схема | Код за повреда | Коз за рестрикции | Код за отдаване | Артикулен № | Име на библиотеката - собственик | Име на библиотеката, в която се намира в момента | Статус (Текущо местоположение) | Дата на вписване в системата | Местоположение - отдел | Цена в лева | Инвентарен номер | Систематично азбучна сигнатура | Баркод | Номер на екземпляра | Цена в евро | Служебна бележка | Служебен тип на артикула |
|---|---|---|---|---|---|---|---|---|---|---|---|---|---|---|---|---|---|---|---|
| Не е изгубен | Universal Decimal Classification | Не е повреден | само за читалня | ползва се в читалня | 266602 | Регионална библиотека "Любен Каравелов" Русе | Регионална библиотека "Любен Каравелов" Русе | Хранилище | 1962-01-01 | Хранилище | 0.90 | 15698/62 | Цб 24235 | 900000089826 | 1 | 0.46 | N: стар фонд Дата: 01.01.1962 | Книги | |
| Изтеглен | Не е изгубен | Universal Decimal Classification | Не е повреден | без рестрикции | заемане за дома | 266603 | Регионална библиотека "Любен Каравелов" Русе | Регионална библиотека "Любен Каравелов" Русе | Заемна - подръчен фонд | 1962-01-01 | Заемна - подръчен фонд | 0.00 | 16191/62 | П 830-3/В 16 | 16191/62 | 2 | 0.00 | N: стар фонд Дата: 01.01.1962 | Книги |
| Изтеглен | Не е изгубен | Universal Decimal Classification | Не е повреден | без рестрикции | заемане за дома | 266604 | Регионална библиотека "Любен Каравелов" Русе | Регионална библиотека "Любен Каравелов" Русе | Заемна - подръчен фонд | 1962-01-01 | Заемна - подръчен фонд | 0.00 | 23053/62 | П 830-3/В 16 | 23053/62 | 3 | 0.00 | N: стар фонд Дата: 01.01.1962 | Книги |
| Изтеглен | Не е изгубен | Universal Decimal Classification | Не е повреден | без рестрикции | заемане за дома | 266605 | Регионална библиотека "Любен Каравелов" Русе | Регионална библиотека "Любен Каравелов" Русе | Заемна - подръчен фонд | 1962-01-01 | Заемна - подръчен фонд | 0.00 | 23056/62 | П 830-3/В 16 | 23056/62 | 4 | 0.00 | N: стар фонд Дата: 01.01.1962 | Книги |
| Изтеглен | Не е изгубен | Universal Decimal Classification | Не е повреден | без рестрикции | заемане за дома | 266606 | Регионална библиотека "Любен Каравелов" Русе | Регионална библиотека "Любен Каравелов" Русе | Заемна - подръчен фонд | 1962-01-01 | Заемна - подръчен фонд | 0.00 | 23059/62 | П 830-3/В 16 | 23059/62 | 5 | 0.00 | N: стар фонд Дата: 01.01.1962 | Книги |
| Изтеглен | Не е изгубен | Universal Decimal Classification | Не е повреден | без рестрикции | заемане за дома | 266607 | Регионална библиотека "Любен Каравелов" Русе | Регионална библиотека "Любен Каравелов" Русе | Заемна - подръчен фонд | 1962-01-01 | Заемна - подръчен фонд | 0.00 | 7766/63 | П 830-3/В 16 | 7766/63 | 6 | 0.00 | N: стар фонд Дата: 01.01.1962 | Книги |